| 000 | 02647nam a22002897a 4500 | ||
|---|---|---|---|
| 003 | OSt | ||
| 005 | 20260416154009.0 | ||
| 008 | 260410t2011 xxu||||| |||| 00| 0 spa d | ||
| 040 |
_aUnicoc _bspa _c00001 _d00001 |
||
| 082 | _a155.937 | ||
| 100 |
_912893 _aCid Egea, Loreto |
||
| 245 |
_aExplícame que ha pasado _b: Guía para ayudar a los adultos a hablar de la muerte y el duelo con los niños _c/ Loreto Cid Egea |
||
| 250 | _a1 Ed. | ||
| 260 |
_aEspaña : _bFundación Mario Losantos del Campo , _c2011 |
||
| 300 |
_a68 páginas _bIlustraciones |
||
| 500 | _aIncluye Bibliografía | ||
| 505 |
_t1. ¿Por qué una guía para adultos?. -- _t2. Hablar de la muerte. -- _t3. La muerte y los niños: ¡no gracias!es de mal gusto. -- _t4. ¡Quiero saber! la curiosidad del niño ante la muerte. -- _t5. ¿qué significa morir? Cuatro conceptos claves sobre la muerte. -- _t6. Explicar la muerte a cada edad: lo que los niños alcanzan a comprender en las distintas etapas de su desarrollo. -- La muerte en la primera infancia: del bebé al niño de dos años. -- La muerte en el niño de preescolar: de los tres a los seis. -- La muerte en los niños escolares: de los seis a los diez años. -- La muerte en los preadolescentes: de los diez a los trece años. -- Los adolescentes. -- _t7. ¿Cómo comunicar la muerte a un ser querido? Claves para hacerlo. -- _t8. Los niños y el duelo. -- ¿qué es el duelo?. -- ¿pueden los niños estar de duelo?. -- Los procesos de duelo en los niños y sus diferencias con los procesos de duelo en adultos. -- _t9. Acompañamiento del niño en duelo: cómo ayudar a los niños y adolescentes. -- _t10. El duelo en las distintas etapas del desarrollo ¿Cómo podemos ayudar?. -- El duelo en la primera infancia: del bebé al niño de dos años. -- El duelo en el niño de preescolar: de los tres a los seis. -- El duelo en los niños escolares: de los seis a los diez años. -- El duelo en los preadolescentes: de los diez a los trece años. -- El duelo en los adolescentes. -- El niño en duelo en el aula: ¿cómo ayudarle desde el colegio?. |
||
| 526 | _5Unicoc | ||
| 546 | _aEspañol | ||
| 650 | 0 |
_912894 _aMuerte y duelo _vNiños y adolescentes |
|
| 650 | 0 |
_98192 _aPsicología infantil _vMuerte y duelo |
|
| 650 | 0 |
_910275 _aPsicología del desarrollo _vEmociones |
|
| 650 | 0 |
_910311 _aOrientación psicológica _vPadres y educadores |
|
| 658 | 0 |
_910741 _aPrograma de Psicología |
|
| 856 |
_yAcceso online exclusivo para comunidad Unicoc. _uhttps://unicoceduco-my.sharepoint.com/:b:/g/personal/direccionbiblioteca_unicoc_edu_co/IQDUk59xIXksSK3xdQw9nQQlAT5csYISjlfaOU4B4-0pS54 |
||
| 942 |
_2ddc _cEBOOK |
||
| 999 |
_c10829 _d10829 |
||